000 00747nam a22002177a 4500
003 OSt
005 20251028025905.0
008 251028b |||||||| |||| 00| 0 eng d
020 _a 978-621-04-22146
040 _aDWCL-Main lib
_cOC
082 _aFil. 371.28 P111c 2021
100 _aPawilen, Greg Tabios
245 _aA Course Module for Understanding Gifted and Talented Learners/
_cGreg Tabios Pawilen
260 _aManila:
_bRex Book store store Inc.,
_cc2021.
300 _avi, 195 pages :
_b illustrations ;
_c25cm.
504 _aIncludes bibliographical references
650 _a1. Achievement- motivation in children
650 _a2. Performance in children
650 _a3. Understanding
942 _2ddc
_cBK - FIL
_kFil.
_n0
999 _c5208
_d5208